NACLA: A 35 year restrospective /

Gardado en:
Detalles Bibliográficos
Autor Principal: Rosen, Fred
Formato: Texto
Materias:
Etiquetas: Engadir etiqueta
Sen Etiquetas, Sexa o primeiro en etiquetar este rexistro!

MARC

LEADER 00000 a a2200000 04500
001 9976
003
040
100 |a Rosen, Fred  
245 |a NACLA:   |b A 35 year restrospective /  |c Fred Rosen 
650 |a PUBLICACIONES PERIODICAS  
650 |a MOVIMIENTOS SOCIALES  
650 |a POLITICA EXTERIOR  
773 |g volumen 36, número 3; páginas 12-13  
999 |c 28116  |d 28116